MARC

LEADER 00000nam0a2200000 4500
001 66890
005 20231031073043.0
020 |a RU  |b 82-57199 
035 |a (RuTPU)RU\TPU\book\71209 
090 |a 66890 
100 |a 20040909d1982 k a0rusy5003 ca 
101 0 |a rus 
102 |a RU 
105 |a a z 001zy 
200 1 |a Вращательно-ударное бурение геологоразведочных скважин  |f А. Т. Киселев, И. Н. Крусир 
210 |a Москва  |c Недра  |d 1982 
215 |a 103 с.  |c ил.  |d 21 см. 
320 |a Библиогр.: с. 101-102. 
610 1 |a бурение 
610 1 |a разведочное бурение 
610 1 |a ударно-вращательное бурение 
610 1 |a скважины 
610 1 |a скважины разведочные 
675 |a 550.82  |z rus  |v 3 
700 1 |a Киселев  |b А. Т.  |g Андрей Тимофеевич 
701 1 |a Крусир  |b И. Н.  |g Игорь Николаевич 
801 0 |a RU  |b RuMRKP  |c 19950704  |g psbo 
801 1 |a RU  |b 63413507  |c 20040909  |g PSBO 
801 2 |a RU  |b 63413507  |c 20160603  |g PSBO 
942 |c BK